Countries Bordering 'M' Countries - Statistics

General Stats
  • This quiz has been taken 1,002 times
    934 since last reset
  • The average score is 28 of 35
Answer Stats
Country % Correct
Algeria
93%
China
92%
Russia
90%
United States
88%
Albania
87%
Mauritania
87%
Niger
87%
Guatemala
86%
Senegal
86%
Serbia
86%
Mali
85%
Thailand
85%
Zambia
85%
Zimbabwe
85%
Tanzania
84%
Burkina Faso
83%
France
82%
South Africa
82%
Indonesia
80%
Kosovo
80%
Belize
79%
Bosnia and Herzegovina
79%
Morocco
79%
Romania
79%
Ukraine
78%
Croatia
75%
Greece
75%
Guinea
74%
Bulgaria
71%
Brunei
69%
Malawi
68%
Mozambique
62%
Côte d'Ivoire
58%
Swaziland
54%
Spain
48%
No matching quizzes found
Score Distribution
Percent of People with Each Score
Percentile by Number Answered
Your Score History
You have not taken this quiz since the last reset